00957njm a2200205 i 45000010005000000030009000050070015000140080041000291000049000702450142001192600041002613000046003024900024003485000038003725180156004106100070005667100042006368300043006788520030007214732ES-MaACLs|r|||||||||||070809s1975 sp ||| g ||||||||1|nspa d1 aManrique de Lara, José Gerardo,d1922-200110aLectura de "Poemas inéditos" por José Gerardo Manrique de Lara [hGrabación sonora] / cinterviene José Gerardo Manrique de Lara. aMadrid : bAteneo de Madrid, c1975. a1 disco (CD-DA) (1 h. 41 min.) ; c12 cm.1 aLecturas poéticas aDatos basados en la invitación. aActo organizado por el Aula de Poesía del Ateneo de Madrid, grabado en la sala de conferencias el miércoles 19 de noviembre de 1975, a las 19:30 h.24aAteneo de Madrid-xActos culturales-y1975-vGrabaciones sonoras.2 aAteneo de Madrid. bAula de Poesía.00aLecturas poéticas (Ateneo de Madrid) aES-MaACLcROTjROT 3/4/20